000 00712nam a22002297i 4500
003 URS
005 20220314142402.0
008 170213b xxu||||| |||| 00| 0 eng d
020 _a9789710453214
040 _erda
_cURS
_bEnglish
050 _aRA776.95
_b.H355 2010
100 _aHall, Lisa.,
_eauthor.
_91300
245 _aTaking charge of your own health /
_cLisa Hall.
264 1 _aParanaque City, Manila :
_bActs 29 Publishing.
_c©2010.
300 _a246 pages ;
_c22 cm.
336 _atext
_btxt
_2rdacontent
337 _aunmediated
_bn
_2rdamedia
338 _avolume
_bnc
_2rdacarrier
504 _aIncludes bibliographical references and index.
650 0 _aSelf care, Health.
_91301
942 _2lcc
_cF
999 _c10217
_d10217